Pravda o Velestúre : tajné dejiny : [najväčšie záhady Slovenska] /
Uložené v:
| Hlavný autor: | |
|---|---|
| Médium: | Kniha |
| Jazyk: | Slovak |
| Vydané: |
Bratislava :
Eko-konzult,
2016.
|
| Témy: | |
| ISBN: |
9788080792398 (viaz.) |
| Fyzický popis: |
204 strán : faksimilie, fotografie, portréty ; 24 cm. |
| Tagy: |
Pridať tag
Žiadne tagy, Buďte prvý kto otaguje tento záznam!
|
Titul je dostupný aj v ... 

MARC
| LEADER | 00000nam a2200000 ab4500 | ||
|---|---|---|---|
| 001 | 000527708 | ||
| 005 | 20170315134152.0 | ||
| 008 | 161109s2016 xo cho e 000 0 slo d | ||
| 020 | |a 9788080792398 (viaz.) | ||
| 040 | |a SVKKK |b slo |c SVKKK |e AACR2 | ||
| 041 | 0 | |a slo | |
| 043 | |a e-xo--- | ||
| 044 | |a xo |c SK | ||
| 072 | 7 | |a 930 |x Historická veda. Pomocné vedy historické. Archívnictvo |2 konspekt | |
| 080 | |a 003.345 |2 2011 | ||
| 080 | |a 930.1:303.833.5 |2 2011 | ||
| 080 | |a 316.64 |2 2011 | ||
| 080 | |a 930.2:003.071 |2 2011 | ||
| 080 | |a 930.2:003.072 |2 2011 | ||
| 080 | |a (437.6) |2 2011 | ||
| 080 | |a (048.8) |2 2011 | ||
| 100 | 1 | |a Ducár, Ján |4 aut | |
| 245 | 1 | 0 | |a Pravda o Velestúre : |b tajné dejiny : [najväčšie záhady Slovenska] / |c Ján Ducár. |
| 246 | 3 | 4 | |a Pravda o Velestúre : |b najväčšie záhady Slovenska |
| 260 | |a Bratislava : |b Eko-konzult, |c 2016. | ||
| 300 | |a 204 strán : |b faksimilie, fotografie, portréty ; |c 24 cm. | ||
| 504 | |a Bibliografia: s.186-188 | ||
| 650 | 0 | 7 | |a runy |2 SVKKKPH |
| 650 | 0 | 7 | |a interpretácia dejín |2 SVKKKPH |
| 650 | 0 | 7 | |a názory a postoje |2 SVKKKPH |
| 650 | 0 | 7 | |a nápisy |2 SVKKKPH |
| 650 | 0 | 7 | |a paleografia |2 SVKKKPH |
| 651 | 7 | |a Velestúr (Slovensko) |2 SVKKKPH | |
| 655 | 7 | |a monografie |2 SVKKKPH | |
| 910 | |a svkkk | ||
| 919 | |a 978-80-8079-239-8 | ||
| 998 | |a BK | ||
| 090 | |g SCKHL |k Sklad Hlavná 10 prízemie |a IV.228134 |j 1077128 |i 2720380916 |s Absenčne | ||